| 000 | 01376cam a2200349 a 4500 | ||
|---|---|---|---|
| 001 | EDZ0000077314 | ||
| 003 | StDuBDS | ||
| 005 | 20161031105214.0 | ||
| 006 | m||||||||d|||||||| | ||
| 007 | cr ||||||||||| | ||
| 008 | 120418s2007 enk fo| 001|0|eng d | ||
| 020 |
_a9781446214596 (ebook) : _cNo price |
||
| 040 |
_aStDuBDS _beng _cStDuBDS _epn |
||
| 049 | _aAlfaisal Main Library | ||
| 050 | 0 |
_aLB2831.9 _b.Q85 2007 |
|
| 082 | 0 | 4 |
_a371.2012 _223 |
| 245 | 0 | 4 |
_aThe quick-reference handbook for school leaders _h[electronic resource]. |
| 260 |
_aLondon : _bPaul Chapman, _c2007. |
||
| 300 | _a1 online resource (ix, 276 p.) | ||
| 504 | _aIncludes bibliographical references and index. | ||
| 520 | 8 | _aThis volume is a practical and easy-to-follow guide, invaluable for school leaders facing the challenge of headship - whether deputising, new to headship or to a school, or as a reminder. | |
| 521 | _aSpecialized. | ||
| 588 | _aDescription based on print version record. | ||
| 650 | 0 | _aSchool principals. | |
| 650 | 0 | _aSchool management and organization. | |
| 650 | 0 | _aEducational leadership. | |
| 655 | 7 |
_aElectronic books. _2local |
|
| 710 | 2 | _aSage eBooks | |
| 776 | 0 | 8 |
_iPrint version : _z9781412934503 |
| 856 | 4 | 0 | _uhttp://ezproxy.alfaisal.edu/login?url=http://sk.sagepub.com/books/the-quick-reference-handbook-for-school-leaders |
| 942 |
_2lcc _cEBOOKS |
||
| 999 |
_c481652 _d481652 |
||